Central Library OPAC University of Rajshahi

Beneficial ladybirds (Coleoptera : (Record no. 83805)

MARC details
000 -LEADER
fixed length control field 00874nam a22002297a 4500
001 - CONTROL NUMBER
RUCL Control Number 83805
003 - CONTROL NUMBER IDENTIFIER
rucl marc code BD-RjUL
005 - DATE AND TIME OF LATEST TRANSACTION
control field 20240523172259.0
008 - FIXED-LENGTH DATA ELEMENTS--GENERAL INFORMATION
fixed length control field 240523s1995 bg a|||| m||| 00| 0 eng d
035 ## - SYSTEM CONTROL NUMBER
system control number (BD-RjUL)83805
040 ## - CATALOGING SOURCE
Original cataloging agency BD-RjUL
Language of cataloging eng
Transcribing agency BD-RjUL
Modifying agency BD-RjUL
041 ## - LANGUAGE CODE
Language code of Book eng
082 ## - DEWEY DECIMAL CLASSIFICATION NUMBER
DDC Edition number 23
Classification number 595.760954924
Author mark and Year RAB 1995
100 ## - MAIN ENTRY--PERSONAL NAME
Personal name Rahman, Md. Jasibar
9 (RLIN) 13143
245 10 - TITLE STATEMENT
Title Beneficial ladybirds (Coleoptera :
Remainder of title Coccinellidae) of Northern Bangladesh with ecological notes /
Statement of responsibility, etc By Md. Jasibar Rahman ;
Name of Supervisor/Co-Supervisor Supervisor : Md. Sohrab Ali
260 ## - PUBLICATION, DISTRIBUTION, ETC. (IMPRINT)
Place of publication, distribution, etc Rajshahi :
Name of publisher, distributor, etc Department of Zoology, Rajshahi University,
Date of publication, distribution, etc 1995
300 ## - PHYSICAL DESCRIPTION
Pagination xiii, 228 leaves :
Other physical details ill, ;
Dimensions 30.cm.
502 ## - DISSERTATION NOTE
Dissertation note Thesis (Ph. D.) -- Department of Zoology, Rajshahi University, 1995
650 ## - SUBJECT ADDED ENTRY--TOPICAL TERM
Topical term or geographic name as entry element Coleoptera
Geographic subdivision Northern Bangladesh
9 (RLIN) 13144
700 ## - ADDED ENTRY--SUPERVISOR/CO-SUPERVISOR NAME
Personal name Ali, Md. Sohrab, Supervisor
9 (RLIN) 5639
942 ## - ADDED ENTRY ELEMENTS (KOHA)
Source of classification or shelving scheme Dewey Decimal Classification
Koha item type Theses
Holdings
Source of classification or shelving scheme Damaged status Not for loan Collection code Permanent Location Current Location Shelving location Date of accession Source of acquisition Total Checkouts Full call number Barcode Date last seen Copy number Thesis
Dewey Decimal Classification   Not For Loan Theses Central Library, University of Rajshahi Central Library, University of Rajshahi Documentation Section 29/11/1997 Controller of Exam. R. U.   THE 595.760954924 RAB 1995 D1846 23/05/2024 C-1 Theses